[Event "Dhaka Elegant Chess Academy 1st"]
[Site "Dhaka"]
[Date "2024.07.11"]
[Round "1.3"]
[White "Kazi, Saiyf"]
[Black "Abhinandan, Ganguly"]
[Result "1-0"]
[WhiteElo "1879"]
[BlackElo "1732"]
[PlyCount "101"]
[EventDate "2024.07.11"]
[EventType "team-tourn"]
[EventRounds "11"]
[EventCountry "BAN"]
[SourceTitle "EXT 2025"]
[Source "ChessBase"]
[SourceDate "2024.10.14"]
[SourceVersion "1"]
[SourceVersionDate "2024.10.14"]
[SourceQuality "1"]
[WhiteTeam "Dipali Memorial"]
[BlackTeam "Agrani Bank PLC"]
[WhiteTeamCountry "BAN"]
[BlackTeamCountry "BAN"]

1. d4 d5 2. Nf3 Bf5 3. Bf4 e6 4. e3 Bd6 5. Bg3 Nf6 6. Nbd2 0-0 7. c4 Bxg3 8. hxg3 c6 9. Ne5 Nbd7 10. g4 Bg6 11. Nxg6 fxg6 12. g5 Ne4 13. Nxe4 dxe4 14. Qg4 Qa5+ 15. Ke2 Qf5 16. Qh4 Kf7 17. g4 Qf3+ 18. Ke1 Ke7 19. Rh3 Qf7 20. Bg2 e5 21. b3 exd4 22. exd4 Rae8 23. Re3 Kd8 24. Kf1 c5 25. Rd1 Kc8 26. d5 Qf4 27. Rde1 Re5 28. Rxe4 Qxg5 29. Qxg5 Rxg5 30. Re8+ Rxe8 31. Rxe8+ Kc7 32. Re7 Kc8 33. Rxd7 Kxd7 34. f4 Rxg4 35. Bh3 h5 36. Bxg4+ hxg4 37. Kg2 Kd6 38. Kg3 g5 39. fxg5 g6 40. Kxg4 Ke5 41. a3 b5 42. a4 bxa4 43. bxa4 a5 44. Kg3 Kf5 45. Kh4 Ke5 46. Kg4 Kd6 47. Kf4 Kd7 48. Ke5 Ke7 49. d6+ Kd7 50. Kd5 Kd8 51. Kxc5 1-0